ბათუმის შოთა რუსთაველის სახელმწიფო უნივერსიტეტის ბიბლიოთეკა

Значение микроорганизмов в образовании перегноя и прочности структуры почвы (ბიბ.ჩანაწერი № 45843)

000 -LEADER
fixed length control field 00808nam a2200229Ia 4500
001 - CONTROL NUMBER
control field 12672
003 - CONTROL NUMBER IDENTIFIER
control field GE_BSU
008 - FIXED-LENGTH DATA ELEMENTS--GENERAL INFORMATION
fixed length control field 181216s||||||||xx |||||||||||||| ||und||
040 ## - CATALOGING SOURCE
Transcribing agency GE_BSU
080 ## - UNIVERSAL DECIMAL CLASSIFICATION NUMBER
Universal Decimal Classification number 631.4
100 ## - MAIN ENTRY--PERSONAL NAME
Personal name Гельцер,Ф.Ю.
245 ## - TITLE STATEMENT
Title Значение микроорганизмов в образовании перегноя и прочности структуры почвы
245 ## - TITLE STATEMENT
Statement of responsibility, etc. Ред.П.Кавун
260 ## - PUBLICATION, DISTRIBUTION, ETC.
Place of publication, distribution, etc. Москва
260 ## - PUBLICATION, DISTRIBUTION, ETC.
Name of publisher, distributor, etc. Сельхозгиз
260 ## - PUBLICATION, DISTRIBUTION, ETC.
Date of publication, distribution, etc. 1940
300 ## - PHYSICAL DESCRIPTION
Extent 119стр.22см.
300 ## - PHYSICAL DESCRIPTION
Dimensions указатель лит-ры с.112
300 ## - PHYSICAL DESCRIPTION
Accompanying material Таблицы
653 ## - INDEX TERM--UNCONTROLLED
Uncontrolled term Значение микроорганизмов в образовании перегноя и прочности структуры почвы
942 ## - ADDED ENTRY ELEMENTS (KOHA)
Koha item type წიგნი
ეგზემპლარები
Withdrawn status Lost status Damaged status Not for loan Date acquired Barcode Date last seen Price effective from Koha item type
        2018-12-17 20984 2018-12-17 2018-12-17 წიგნი